<?xml version="1.0" encoding="UTF-8"?><?xml-stylesheet type="text/xsl" href="static/style.xsl"?><OAI-PMH xmlns="http://www.openarchives.org/OAI/2.0/" xmlns:xsi="http://www.w3.org/2001/XMLSchema-instance" xsi:schemaLocation="http://www.openarchives.org/OAI/2.0/ http://www.openarchives.org/OAI/2.0/OAI-PMH.xsd"><responseDate>2026-06-01T04:33:32Z</responseDate><request verb="GetRecord" identifier="oai:riuma.uma.es:10630/38373" metadataPrefix="marc">https://riuma.uma.es/rest/oai/request</request><GetRecord><record><header><identifier>oai:riuma.uma.es:10630/38373</identifier><datestamp>2026-02-03T11:00:53Z</datestamp><setSpec>com_10630_2254</setSpec><setSpec>col_10630_37953</setSpec></header><metadata><record xmlns="http://www.loc.gov/MARC21/slim" xmlns:dcterms="http://purl.org/dc/terms/" xmlns:doc="http://www.lyncode.com/xoai" xmlns:xsi="http://www.w3.org/2001/XMLSchema-instance" xsi:schemaLocation="http://www.loc.gov/MARC21/slim http://www.loc.gov/standards/marcxml/schema/MARC21slim.xsd">
   <leader>00925njm 22002777a 4500</leader>
   <datafield ind2=" " ind1=" " tag="042">
      <subfield code="a">dc</subfield>
   </datafield>
   <datafield ind2=" " ind1=" " tag="720">
      <subfield code="a">Rodríguez Vera, Ainhoa del Pino</subfield>
      <subfield code="e">author</subfield>
   </datafield>
   <datafield ind2=" " ind1=" " tag="720">
      <subfield code="a">Rando-Cueto, Dolores</subfield>
      <subfield code="e">author</subfield>
   </datafield>
   <datafield ind2=" " ind1=" " tag="720">
      <subfield code="a">De-las-Heras-Pedrosa, Carlos</subfield>
      <subfield code="e">author</subfield>
   </datafield>
   <datafield ind2=" " ind1=" " tag="260">
      <subfield code="c">2025-04-01</subfield>
   </datafield>
   <datafield ind2=" " ind1=" " tag="520">
      <subfield code="a">Women’s entrepreneurship in the tourism industry plays a vital role in promoting&#xd;
economic growth, advancing gender equality, and encouraging innovation. Female&#xd;
entrepreneurs contribute to the diversification of tourism services, job generation, and&#xd;
the revitalization of local economies. This study employs data from the Web of Science&#xd;
database to examine research on tourism and female entrepreneurship over the past two&#xd;
decades. The primary goals are to explore emerging trends, publishing patterns, and the&#xd;
geographical regions most active in this area of research, as well as to identify the key&#xd;
journals, authors, and keywords shaping the field. The bibliometric analysis uncovers the&#xd;
progression of academic studies and highlights regions with significant research activity.&#xd;
While female entrepreneurship is a driving force for economic development and gender&#xd;
equity in tourism, persistent obstacles, such as limited research in certain areas and barriers&#xd;
to women’s participation, remain. This work underscores the increasing significance of&#xd;
women’s contributions to tourism and offers a framework for future studies and policies&#xd;
aimed at fostering gender equality and sustainable economic development.</subfield>
   </datafield>
   <datafield ind1="8" ind2=" " tag="024">
      <subfield code="a">Rodríguez-Vera, A. P., Rando-Cueto, D., &amp; de las Heras Pedrosa, C. (2025). Women’s Entrepreneurship in the Tourism Industry: A Bibliometric Study. Administrative Sciences, 15(4), 130. https://doi.org/10.3390/ admsci15040130</subfield>
   </datafield>
   <datafield ind1="8" ind2=" " tag="024">
      <subfield code="a">https://hdl.handle.net/10630/38373</subfield>
   </datafield>
   <datafield ind1="8" ind2=" " tag="024">
      <subfield code="a">10.3390/admsci15040130</subfield>
   </datafield>
   <datafield tag="653" ind2=" " ind1=" ">
      <subfield code="a">Empresarias</subfield>
   </datafield>
   <datafield tag="653" ind2=" " ind1=" ">
      <subfield code="a">Igualdad de género</subfield>
   </datafield>
   <datafield tag="653" ind2=" " ind1=" ">
      <subfield code="a">Turismo</subfield>
   </datafield>
   <datafield tag="653" ind2=" " ind1=" ">
      <subfield code="a">Desarrollo sostenible</subfield>
   </datafield>
   <datafield tag="653" ind2=" " ind1=" ">
      <subfield code="a">Desarrollo regional</subfield>
   </datafield>
   <datafield tag="653" ind2=" " ind1=" ">
      <subfield code="a">Bibliometría</subfield>
   </datafield>
   <datafield ind2="0" ind1="0" tag="245">
      <subfield code="a">Women’s Entrepreneurship in the Tourism Industry: A Bibliometric Study.</subfield>
   </datafield>
</record>
</metadata></record></GetRecord></OAI-PMH>